Určenie rozdelenia celkovej škody v neživotnom poistení v jazyku R
Určenie rozdelenia celkovej škody. Konvolučná metóda. Rekurentná metóda. Konvolučná metóda a Pajerov rekurentný vzťah v prostredí jazyka R. Praktická realizácia.
Guardado en:
| Autor principal: | |
|---|---|
| Formato: | Capítulo de libro |
| Lenguaje: | eslovaco |
| Materias: | |
| Etiquetas: |
Sin Etiquetas, Sea el primero en etiquetar este registro!
|
MARC
| LEADER | 00000nla a2200000 4500 | ||
|---|---|---|---|
| 001 | 0246757 | ||
| 005 | 20240502073946.8 | ||
| 041 | 0 | |a slo | |
| 044 | |a SK | ||
| 245 | 1 | 0 | |a Určenie rozdelenia celkovej škody v neživotnom poistení v jazyku R |c Vladimír Mucha |
| 520 | |a Určenie rozdelenia celkovej škody. Konvolučná metóda. Rekurentná metóda. Konvolučná metóda a Pajerov rekurentný vzťah v prostredí jazyka R. Praktická realizácia. | ||
| 610 | 2 | 0 | |a poisťovníctvo |
| 610 | 2 | 0 | |a poistenie neživotné |
| 610 | 2 | 0 | |a škody |
| 610 | 2 | 0 | |a technológie informačné |
| 610 | 2 | 0 | |a technológie komunikačné |
| 610 | 2 | 0 | |a softvér |
| 100 | 1 | |a Mucha, Vladimír, 1976- | |